[Event "FRA-ch U18"]
[Site "Aix les Bains"]
[Date "2009.04.23"]
[Round "6"]
[White "Li, Frederic"]
[Black "Devallee, Jeremie"]
[Result "1-0"]
[WhiteElo "2240"]
[BlackElo "2030"]
[PlyCount "123"]
[EventDate "2009.04.19"]
[EventType "swiss"]
[EventRounds "9"]
[EventCountry "FRA"]
[SourceTitle "CBM 130 Extra"]
[Source "ChessBase"]
[SourceDate "2009.07.02"]
[SourceVersion "2"]
[SourceVersionDate "2009.07.15"]
[SourceQuality "1"]

1. Nf3 Nf6 2. c4 d5 3. cxd5 Nxd5 4. e4 Nb6 5. d4 c6 6. Be2 g6 7. 0-0 Bg7 8. Nc3 0-0 9. h3 h6 10. Be3 Na6 11. Bxa6 bxa6 12. Na4 Rb8 13. Nc5 Nd7 14. Nxd7 Bxd7 15. Qc2 f5 16. e5 f4 17. Bd2 Bf5 18. Qc4+ e6 19. Bb4 Re8 20. b3 Be4 21. Bd6 Rb7 22. Nd2 Bd5 23. Qd3 Qg5 24. f3 Rd8 25. Ne4 Qf5 26. Rac1 Rxd6 27. exd6 Rd7 28. Rfd1 Bf8 29. Nc5 Qxd3 30. Rxd3 Rxd6 31. Nxa6 Rd7 32. Nc5 Rd8 33. Ne4 Kf7 34. Nc3 c5 35. dxc5 Bxc5+ 36. Kh1 Be3 37. Rcd1 Rc8 38. Nxd5 exd5 39. Rxd5 Rc2 40. Ra5 Ke6 41. a4 h5 42. Ra6+ Kf7 43. Rb1 g5 44. Ra5 Kg6 45. Rd5 g4 46. hxg4 hxg4 47. fxg4 Rc8 48. Rh5 Kf6 49. Kh2 Rc3 50. b4 Ra3 51. a5 Ra2 52. Kh3 Ra3 53. Kh2 Ra2 54. Rd1 Ke6 55. Rf5 Bd2 56. Rxd2 Rxd2 57. Rxf4 Rd5 58. Kg3 Rd2 59. g5 Rd7 60. Kg4 Ke5 61. g6 Rg7 62. Kg5 1-0

[Event "FRA-ch U18"]
[Site "Aix les Bains"]
[Date "2009.04.22"]
[Round "3"]
[White "Millon, Valentin"]
[Black "Li, Frederic"]
[Result "1/2-1/2"]
[WhiteElo "2062"]
[BlackElo "2240"]
[PlyCount "103"]
[EventDate "2009.04.19"]
[EventType "swiss"]
[EventRounds "9"]
[EventCountry "FRA"]
[SourceTitle "CBM 130 Extra"]
[Source "ChessBase"]
[SourceDate "2009.07.02"]
[SourceVersion "2"]
[SourceVersionDate "2009.07.15"]
[SourceQuality "1"]

1. e4 e5 2. Nf3 Nc6 3. Bb5 a6 4. Ba4 Nf6 5. 0-0 b5 6. Bb3 Bc5 7. c3 d6 8. d3 0-0 9. Re1 Bb6 10. a4 Rb8 11. axb5 axb5 12. Na3 Be6 13. Bxe6 fxe6 14. Nxb5 Qc8 15. d4 exd4 16. Nbxd4 Nxd4 17. cxd4 Nh5 18. Ra3 Nf4 19. g3 Ng6 20. Kg2 e5 21. Be3 Kh8 22. Re2 Qe6 23. Ng5 Qe7 24. Rd2 exd4 25. Qh5 h6 26. Qxg6 hxg5 27. Bxg5 Qe8 28. Qxe8 Rfxe8 29. f3 Re5 30. h4 Rb5 31. Kh3 Bc5 32. Ra2 Rb3 33. Kg4 d3 34. h5 Kh7 35. h6 Bd4 36. hxg7 Kxg7 37. Ra5 Bc5 38. Ra1 Rh8 39. Kf5 Bd4 40. Rad1 Rb5+ 41. Kg4 Bxb2 42. Rxd3 Bf6 43. Bxf6+ Kxf6 44. Rc1 Rg5+ 45. Kf4 Rh7 46. Rd5 Rg8 47. e5+ Ke6 48. Rcd1 Rf7+ 49. Ke4 Rxg3 50. exd6 Rgxf3 51. Re5+ Kd7 52. dxc7+ 1/2-1/2

[Event "FRA-chT1A 0809"]
[Site "France"]
[Date "2009.03.14"]
[Round "8.3"]
[White "Delorme, Axel"]
[Black "Li, Frederic"]
[Result "1-0"]
[WhiteElo "2415"]
[BlackElo "2240"]
[PlyCount "71"]
[EventDate "2008.10.19"]
[EventType "team-tourn"]
[EventRounds "11"]
[EventCountry "FRA"]
[SourceTitle "EXT 2010"]
[Source "ChessBase"]
[SourceDate "2010.11.25"]
[SourceVersion "1"]
[SourceVersionDate "2010.11.25"]
[SourceQuality "1"]
[WhiteTeam "Clichy II"]
[BlackTeam "Creteil"]
[WhiteTeamCountry "FRA"]
[BlackTeamCountry "FRA"]

1. e4 e5 2. Nf3 Nc6 3. Bb5 a6 4. Ba4 Nf6 5. 0-0 b5 6. Bb3 Bc5 7. c3 d6 8. d4 Bb6 9. a4 Rb8 10. axb5 axb5 11. Na3 0-0 12. Nxb5 Bg4 13. Bc2 Bxf3 14. gxf3 Nh5 15. f4 Qh4 16. Qf3 exd4 17. e5 d5 18. Qxd5 Ne7 19. Qf3 Ng6 20. Nxd4 Nhxf4 21. Ra4 Nh3+ 22. Kg2 Bxd4 23. cxd4 Ngf4+ 24. Kh1 g5 25. d5 Rb6 26. Qg3 Rh6 27. Qxh4 Rxh4 28. Bf5 Rb8 29. d6 cxd6 30. exd6 Rh6 31. d7 Kf8 32. Rc4 Rd8 33. Rc8 Ke7 34. Re1+ Ne6 35. Bxh3 Rxh3 36. Rxe6+ 1-0

[Event "FRA-ch Accession"]
[Site "Pau"]
[Date "2008.08.19"]
[Round "7"]
[White "Li, Frederic"]
[Black "Mancini, Mario"]
[Result "1/2-1/2"]
[WhiteElo "2186"]
[BlackElo "2268"]
[PlyCount "87"]
[EventDate "2008.08.11"]
[EventType "swiss"]
[EventRounds "9"]
[EventCountry "FRA"]
[SourceTitle "CBM 126 Extra"]
[Source "ChessBase"]
[SourceDate "2008.11.05"]
[SourceVersion "1"]
[SourceVersionDate "2008.11.05"]
[SourceQuality "1"]

1. Nf3 d5 2. d4 Nf6 3. c4 e6 4. g3 Be7 5. Bg2 0-0 6. 0-0 Nbd7 7. b3 b6 8. Nc3 Bb7 9. Bb2 Ne4 10. Nxe4 dxe4 11. Nd2 f5 12. e3 Bf6 13. f3 exf3 14. Bxf3 Bxf3 15. Nxf3 Qe8 16. Qc2 Qg6 17. Rae1 c5 18. Re2 Rae8 19. e4 cxd4 20. exf5 exf5 21. Nxd4 Re4 22. Nxf5 Rxe2 23. Qxe2 Re8 24. Qd2 Bxb2 25. Qxb2 Nf6 26. Qd2 h6 27. Qf4 Re6 28. Qb8+ Kh7 29. Qxa7 Re2 30. Qb7 Rxa2 31. Qe7 Nh5 32. Qe3 Nf6 33. Qe7 Nh5 34. Qe5 Qg4 35. Nd6 Nf6 36. Qf5+ Qxf5 37. Nxf5 Rb2 38. Nd4 Ng4 39. h3 Ne3 40. Rf2 Rb1+ 41. Kh2 Rd1 42. Ne6 Rb1 43. Nd4 Rd1 44. Ne6 1/2-1/2

[Event "FRA-ch Accession"]
[Site "Pau"]
[Date "2008.08.17"]
[Round "6"]
[White "Bedouin, Xavier"]
[Black "Li, Frederic"]
[Result "1-0"]
[WhiteElo "2365"]
[BlackElo "2186"]
[PlyCount "81"]
[EventDate "2008.08.11"]
[EventType "swiss"]
[EventRounds "9"]
[EventCountry "FRA"]
[SourceTitle "CBM 126 Extra"]
[Source "ChessBase"]
[SourceDate "2008.11.05"]
[SourceVersion "1"]
[SourceVersionDate "2008.11.05"]
[SourceQuality "1"]

1. e4 e5 2. Nf3 Nc6 3. Bb5 a6 4. Bxc6 dxc6 5. 0-0 Ne7 6. Nxe5 Qd4 7. Qh5 g6 8. Qg5 Bg7 9. Nd3 f5 10. e5 c5 11. b3 b6 12. Bb2 Qg4 13. f4 h6 14. Qxg4 fxg4 15. Nf2 Bf5 16. d3 Nd5 17. Nd1 0-0-0 18. Nbc3 Nb4 19. Ne3 Be6 20. Ne4 Rhf8 21. Nf6 h5 22. a3 Bxf6 23. exf6 Nd5 24. f5 Bf7 25. Nxd5 Rxd5 26. fxg6 Bxg6 27. Rae1 Rd7 28. Kf2 Re8 29. Rxe8+ Bxe8 30. Ke3 Bf7 31. Kf4 b5 32. Bc3 c4 33. dxc4 bxc4 34. b4 Rd6 35. Kg5 Kd7 36. Kh6 Ke8 37. Kg7 Re6 38. Rf5 Re4 39. Rc5 g3 40. h3 Rf4 41. Re5+ 1-0

[Event "FRA-ch Accession"]
[Site "Pau"]
[Date "2008.08.15"]
[Round "4"]
[White "Pietrasanta, Jeremy"]
[Black "Li, Frederic"]
[Result "0-1"]
[WhiteElo "2301"]
[BlackElo "2186"]
[PlyCount "132"]
[EventDate "2008.08.11"]
[EventType "swiss"]
[EventRounds "9"]
[EventCountry "FRA"]
[SourceTitle "CBM 126 Extra"]
[Source "ChessBase"]
[SourceDate "2008.11.05"]
[SourceVersion "1"]
[SourceVersionDate "2008.11.05"]
[SourceQuality "1"]

1. e4 e5 2. Bc4 Nf6 3. Qe2 Nc6 4. Nf3 Be7 5. d3 0-0 6. Nbd2 a6 7. c3 Bc5 8. Bb3 d6 9. Nf1 Ba7 10. Ng3 Ne7 11. Bg5 Ng4 12. 0-0 h6 13. Bxe7 Qxe7 14. h3 Nf6 15. Nh4 Kh7 16. Nhf5 Qd8 17. Kh1 Be6 18. f4 Ng8 19. Rf3 g6 20. Ne3 Qh4 21. f5 Bxb3 22. axb3 Bxe3 23. Qxe3 Qd8 24. Raf1 Nf6 25. Ne2 g5 26. g4 Rg8 27. Ng3 Qd7 28. d4 Qb5 29. R3f2 b6 30. b4 a5 31. bxa5 Rxa5 32. Qd2 Qb3 33. Qd1 Qxd1 34. Rxd1 Re8 35. Re2 Kg7 36. Kg2 Kf8 37. Kf3 Rea8 38. Red2 Ra1 39. Rxa1 Rxa1 40. dxe5 dxe5 41. Rd8+ Ke7 42. Rh8 Ra2 43. Rxh6 Rxb2 44. Nh5 Ne8 45. f6+ Kd7 46. h4 gxh4 47. g5 Nd6 48. Rh7 Kc6 49. Kg4 Rg2+ 50. Kxh4 b5 51. Rg7 Kd7 52. Ng3 Ke6 53. Rg8 c5 54. Kh3 Rc2 55. Kg4 Rxc3 56. Nf5 Nxe4 57. Re8+ Kd5 58. Rd8+ Kc6 59. Ne7+ Kc7 60. Rg8 Kd7 61. Kf5 Re3 62. Kxe5 Nxg5+ 63. Kf4 Rxe7 64. Rxg5 Re6 65. Rxc5 Rxf6+ 66. Ke4 Rb6 0-1

[Event "FRA-ch U18"]
[Site "La Roche sur Yon"]
[Date "2008.04.25"]
[Round "7"]
[White "Li, Frederic"]
[Black "Delorme, Axel"]
[Result "0-1"]
[WhiteElo "2176"]
[BlackElo "2377"]
[PlyCount "92"]
[EventDate "2008.04.21"]
[EventType "swiss"]
[EventRounds "9"]
[EventCountry "FRA"]
[SourceTitle "EXT 2010"]
[Source "ChessBase"]
[SourceDate "2010.11.25"]
[SourceVersion "1"]
[SourceVersionDate "2010.11.25"]
[SourceQuality "1"]

1. Nf3 d5 2. c4 c6 3. d4 Nf6 4. Nc3 a6 5. e3 e6 6. Qc2 c5 7. cxd5 exd5 8. Be2 Nc6 9. 0-0 Be6 10. dxc5 Bxc5 11. a3 Rc8 12. b4 Ba7 13. Bb2 0-0 14. Rad1 Qe7 15. Qb1 Rfd8 16. Qa1 Ng4 17. h3 Nxf2 18. Kxf2 d4 19. Nb1 Bb3 20. Rxd4 Re8 21. Rd3 Bxe3+ 22. Ke1 Bc4 23. Ne5 Nxe5 24. Bxe5 Bxd3 25. Bxd3 Rc1+ 26. Ke2 Rxf1 27. Kxf1 Qxe5 28. Qxe5 Rxe5 29. Be2 a5 30. Bf3 axb4 31. Bxb7 b3 32. Ke2 Bc5+ 33. Kd2 f5 34. Bf3 Re3 35. Bd5+ Kf8 36. a4 f4 37. Bc4 g5 38. Kd1 Bb4 39. Nd2 b2 40. Nb1 Bc3 41. Kc2 h5 42. a5 Bxa5 43. Kxb2 g4 44. hxg4 hxg4 45. Kc2 f3 46. gxf3 Rxf3 0-1

[Event "FRA-ch U18"]
[Site "La Roche sur Yon"]
[Date "2008.04.21"]
[Round "1"]
[White "Li, Frederic"]
[Black "Walkowiak, Michael"]
[Result "1/2-1/2"]
[WhiteElo "2176"]
[BlackElo "1801"]
[PlyCount "108"]
[EventDate "2008.04.21"]
[EventType "swiss"]
[EventRounds "9"]
[EventCountry "FRA"]
[SourceTitle "EXT 2010"]
[Source "ChessBase"]
[SourceDate "2010.11.25"]
[SourceVersion "1"]
[SourceVersionDate "2010.11.25"]
[SourceQuality "1"]

1. Nf3 Nf6 2. c4 c6 3. d4 d5 4. Nc3 dxc4 5. e4 b5 6. e5 Nd5 7. a4 e6 8. Ng5 Be7 9. Qh5 Bxg5 10. Bxg5 Qa5 11. Bd2 Nxc3 12. bxc3 Nd7 13. Qg4 0-0 14. h4 f5 15. exf6 Nxf6 16. Qf3 Nd5 17. Qe4 Bd7 18. Rh3 Rae8 19. Be2 a6 20. h5 Qc7 21. h6 g6 22. Bf3 e5 23. Kf1 Bc8 24. Rg3 Bf5 25. Qh4 e4 26. Bd1 e3 27. Bxe3 Nxe3+ 28. Rxe3 Rxe3 29. fxe3 Bd3+ 30. Ke1 Qf7 31. Bf3 Qe6 32. Kd2 Re8 33. Qg5 Be4 34. axb5 cxb5 35. Qf4 Bxf3 36. gxf3 Qh3 37. Rxa6 Qg2+ 38. Kc1 Qf1+ 39. Kb2 Qd1 40. Ra3 Qd2+ 41. Kb1 Qd1+ 42. Kb2 Qd2+ 43. Kb1 b4 44. Ra7 Qe1+ 45. Kb2 Qxc3+ 46. Kb1 Qb3+ 47. Kc1 c3 48. Qh2 c2 49. Qxc2 Qxe3+ 50. Qd2 Qxf3 51. Rg7+ Kh8 52. Qxb4 Rc8+ 53. Kd2 Qf2+ 54. Kd3 Qf3+ 1/2-1/2

[Event "FRA-chT1B 0708"]
[Site "France"]
[Date "2007.12.15"]
[Round "4.5"]
[White "Li, Frederic"]
[Black "Bangnoi, Alexandre"]
[Result "1-0"]
[WhiteElo "2108"]
[BlackElo "2098"]
[PlyCount "48"]
[EventDate "2007.10.21"]
[EventType "team"]
[EventRounds "11"]
[EventCountry "FRA"]
[SourceTitle "EXT 2009"]
[Source "ChessBase"]
[SourceDate "2008.11.26"]
[SourceVersion "1"]
[SourceVersionDate "2008.11.26"]
[SourceQuality "1"]
[WhiteTeam "Creteil"]
[BlackTeam "Belfort"]
[WhiteTeamCountry "FRA"]
[BlackTeamCountry "FRA"]

1. Nf3 f5 2. g3 Nf6 3. Bg2 e6 4. c4 Be7 5. 0-0 0-0 6. b3 d6 7. d4 Ne4 8. Bb2 Nd7 9. Nfd2 Nxd2 10. Nxd2 c6 11. e4 f4 12. e5 dxe5 13. dxe5 fxg3 14. hxg3 Nc5 15. Ne4 Bd7 16. Qg4 Kh8 17. Rad1 Nxe4 18. Bxe4 Qe8 19. Kg2 Bc5 20. f3 Kg8 21. Rh1 g6 22. Rh6 Rf7 23. Bxg6 hxg6 24. Rxg6+ Kf8 1-0

[Event "FRA-chT1B 0708"]
[Site "France"]
[Date "2007.10.21"]
[Round "1.6"]
[White "Li, Frederic"]
[Black "Jablonski, Noham"]
[Result "1-0"]
[WhiteElo "2108"]
[BlackElo "2268"]
[PlyCount "111"]
[EventDate "2007.10.21"]
[EventType "team"]
[EventRounds "11"]
[EventCountry "FRA"]
[SourceTitle "EXT 2009"]
[Source "ChessBase"]
[SourceDate "2008.11.26"]
[SourceVersion "1"]
[SourceVersionDate "2008.11.26"]
[SourceQuality "1"]
[WhiteTeam "Creteil"]
[BlackTeam "Vincennes"]
[WhiteTeamCountry "FRA"]
[BlackTeamCountry "FRA"]

1. Nf3 Nf6 2. c4 c5 3. Nc3 d5 4. cxd5 Nxd5 5. d4 cxd4 6. Nxd5 Qxd5 7. Qxd4 Qxd4 8. Nxd4 a6 9. e4 g6 10. Be3 Bg7 11. Bc4 e6 12. Rc1 Bd7 13. b4 Nc6 14. Nxc6 Bxc6 15. f3 0-0 16. Ke2 Ba4 17. Bd3 Rfd8 18. Bb6 Rd7 19. g3 Bd4 20. Bxd4 Rxd4 21. Rc4 Rd7 22. Rhc1 Rad8 23. R4c3 Kg7 24. Ke3 h5 25. h4 Rd4 26. Rb1 Bb5 27. Rbb3 Ba4 28. Rb2 f6 29. Rc7+ Kh6 30. Bc4 R8d6 31. Be2 Bc6 32. a4 Bxa4 33. Rxb7 Bd1 34. Bxa6 e5 35. Bb5 f5 36. Re7 fxe4 37. fxe4 Bg4 38. Rxe5 Rd1 39. Rc5 Rf6 40. Be2 Re1 41. Kd3 Bxe2+ 42. Rxe2 Rf3+ 43. Kd2 Rb1 44. Rc3 Rb2+ 45. Kc1 Rxc3+ 46. Kxb2 Rxg3 47. b5 Rf3 48. e5 Rf7 49. e6 Re7 50. Re5 Kg7 51. Kc3 Kf6 52. Kd4 Re8 53. e7 g5 54. hxg5+ Kg6 55. Ke4 h4 56. Kf4 1-0

[Event "FRA-ch U16"]
[Site "Le Grand Bornand"]
[Date "2007.04.11"]
[Round "5"]
[White "Laurent, Maxime"]
[Black "Li, Frederic"]
[Result "1-0"]
[WhiteElo "1988"]
[BlackElo "2067"]
[PlyCount "55"]
[EventDate "2007.04.07"]
[EventType "swiss"]
[EventRounds "9"]
[EventCountry "FRA"]
[SourceTitle "CBM 118 Extra"]
[Source "ChessBase"]
[SourceDate "2007.07.04"]
[SourceVersion "1"]
[SourceVersionDate "2007.07.04"]
[SourceQuality "1"]

1. d4 g6 2. c4 d6 3. Nc3 Bg7 4. e4 Nf6 5. f3 0-0 6. Be3 c5 7. Nge2 Nc6 8. d5 Ne5 9. Ng3 e6 10. Be2 exd5 11. cxd5 h5 12. 0-0 Nh7 13. Qd2 h4 14. Nh1 g5 15. Nf2 a6 16. g3 hxg3 17. hxg3 b5 18. Kg2 f5 19. exf5 Bxf5 20. Nce4 Bf6 21. Rh1 Kg7 22. f4 gxf4 23. Bxf4 Nf7 24. g4 Bg6 25. Bd3 Rh8 26. Ng3 Ne5 27. Bxe5 Bxe5 28. Qh6+ 1-0

[Event "FRA-ch U18"]
[Site "Le Grand Bornand"]
[Date "2007.04.09"]
[Round "3"]
[White "Lambert, Romain"]
[Black "Li, Frederic"]
[Result "0-1"]
[WhiteElo "1680"]
[BlackElo "2067"]
[PlyCount "64"]
[EventDate "2007.04.07"]
[EventType "swiss"]
[EventRounds "9"]
[EventCountry "FRA"]
[SourceTitle "CBM 118 Extra"]
[Source "ChessBase"]
[SourceDate "2007.07.04"]
[SourceVersion "1"]
[SourceVersionDate "2007.07.04"]
[SourceQuality "1"]

1. d4 Nf6 2. c4 g6 3. Nc3 Bg7 4. e4 d6 5. Nf3 0-0 6. Be2 e5 7. 0-0 Nc6 8. d5 Ne7 9. b4 Ne8 10. c5 h6 11. Nd2 f5 12. f3 f4 13. Nc4 g5 14. a4 Rf6 15. Ba3 h5 16. b5 Rg6 17. b6 axb6 18. cxb6 c5 19. Nb5 g4 20. a5 Bd7 21. Nbxd6 Nxd6 22. Bxc5 Nec8 23. Nxd6 Nxd6 24. a6 bxa6 25. Bxa6 Qh4 26. Bxd6 g3 27. h3 Rxd6 28. Bc8 Rxc8 29. b7 Rb8 30. Qb3 Qd8 31. Qa3 Qb6+ 32. Kh1 Rxb7 0-1